| 000 | 00510nam a2200181Ia 4500 | ||
|---|---|---|---|
| 999 |
_c14755 _d14755 |
||
| 003 | OSt | ||
| 005 | 20201021110711.0 | ||
| 008 | 190216s9999||||xx |||||||||||||| ||und|| | ||
| 020 | _a9780195658477 | ||
| 040 | _coclc | ||
| 082 |
_a821 _bSOU/N |
||
| 100 |
_aSouza, Eunice De _95403 |
||
| 245 | 0 |
_aNine Indian Women Poets / _cEunice De Souza |
|
| 260 |
_bOxford University Press , _c2013. _aNew Delhi: |
||
| 300 | _a95p | ||
| 650 | _aEnglish | ||
| 942 |
_cBK _2ddc _h821 _iSOU/N _k821 _mSOU/N |
||